Clinical anatomy and physiology of the visual system / (Post nr. 59266)

MARC-detaljer
000 -LEADER
fixed length control field 05517cam a22012137i 4500
001 - CONTROL NUMBER
control field bq2kptv68fwck0t8
003 - CONTROL NUMBER IDENTIFIER
control field LIBRIS
005 - DATE AND TIME OF LATEST TRANSACTION
control field 20221206111110.0
008 - FIXED-LENGTH DATA ELEMENTS--GENERAL INFORMATION
fixed length control field 211105s2022 xxua||||||||||001 0|eng|d
020 ## - INTERNATIONAL STANDARD BOOK NUMBER
International Standard Book Number 9780323711685
Qualifying information inbunden
035 ## - SYSTEM CONTROL NUMBER
System control number (OCoLC)on1242835846
040 ## - CATALOGING SOURCE
Original cataloging agency Sos
Language of cataloging eng
Modifying agency OCLCO
-- OCLCF
-- PIF
-- OCLCO
-- PIF
-- Sos
Description conventions i
-- rda
041 ## - LANGUAGE CODE
Language code of text/sound track or separate title eng
050 #4 - LIBRARY OF CONGRESS CALL NUMBER
Classification number QM511
060 #4 - NATIONAL LIBRARY OF MEDICINE CALL NUMBER
Classification number WW 101
082 04 - DEWEY DECIMAL CLASSIFICATION NUMBER
Classification number 611.84
Edition number 23
084 ## - OTHER CLASSIFICATION NUMBER
Classification number Vib
Number source kssb/8
100 1# - MAIN ENTRY--PERSONAL NAME
Personal name Remington, Lee Ann
Relationship aut
245 10 - TITLE STATEMENT
Title Clinical anatomy and physiology of the visual system /
Statement of responsibility, etc. Lee Ann Remington, Denise Goodwin.
250 ## - EDITION STATEMENT
Edition statement Fourth edition
264 #1 - PRODUCTION, PUBLICATION, DISTRIBUTION, MANUFACTURE, AND COPYRIGHT NOTICE
Place of production, publication, distribution, manufacture St. Louis, Missouri :
Name of producer, publisher, distributor, manufacturer Elsevier,
Date of production, publication, distribution, manufacture, or copyright notice [2022]
264 #4 - PRODUCTION, PUBLICATION, DISTRIBUTION, MANUFACTURE, AND COPYRIGHT NOTICE
Date of production, publication, distribution, manufacture, or copyright notice ©2022
300 ## - PHYSICAL DESCRIPTION
Extent xi, 269 pages
Other physical details illustrations (black and white, and colour)
Dimensions 28 cm
336 ## - CONTENT TYPE
Content type term text
Content type code txt
Source rdacontent
337 ## - MEDIA TYPE
Media type term unmediated
Media type code n
Source rdamedia
338 ## - CARRIER TYPE
Carrier type term volume
Carrier type code nc
Source rdacarrier
500 ## - GENERAL NOTE
General note Originally published: Clinical anatomy of the visual system / Lee Ann Remington ; with a contribution by Eileen C. McGill.
504 ## - BIBLIOGRAPHY, ETC. NOTE
Bibliography, etc. note Includes bibliographical references and index.
505 8# - FORMATTED CONTENTS NOTE
Formatted contents note 1. Introduction to the Visual system -- 2. Ocular Adnexa and Lacrimal System -- 3. Cornea -- 4. Sclera, Conjunctiva, and Limbus -- 5. Uvea -- 6. Aqueous and Vitreous Humors -- 7. Crystalline Lens -- 8. Retina -- 9. Ocular Embryology -- 10. Bones of the Skull and Orbit -- 11. Extraocular Muscles -- 12. Orbital Blood Supply -- 13. Cranial Nerve Innervation of Ocular Structures -- 14. Autonomic Innerrvation of Ocular Structures -- 15. Visual Pathway -- Index.
520 ## - SUMMARY, ETC.
Summary, etc. Providing the ocular anatomy and physiology content needed for a thorough comprehension of this complex field, Clinical Anatomy and Physiology of the Visual System, 4th Edition, offers a solid foundation for recognizing and understanding specific clinical situations and how they relate to anatomic structure. This concise, well-referenced resource covers the clinical anatomy of the eye, its adnexa and visual pathways, and histologic information--the information you need for success in coursework, certification exams, and clinical practice.
650 #7 - SUBJECT ADDED ENTRY--TOPICAL TERM
Topical term or geographic name entry element Ögon
Authority record control number or standard number https://id.kb.se/term/sao/%C3%96gon
Source of heading or term sao
650 #7 - SUBJECT ADDED ENTRY--TOPICAL TERM
Topical term or geographic name entry element Anatomi
Authority record control number or standard number https://id.kb.se/term/sao/Anatomi
Source of heading or term sao
650 #7 - SUBJECT ADDED ENTRY--TOPICAL TERM
Topical term or geographic name entry element Histologi
Authority record control number or standard number https://id.kb.se/term/sao/Histologi
Source of heading or term sao
650 #7 - SUBJECT ADDED ENTRY--TOPICAL TERM
Topical term or geographic name entry element Fysiologi
Authority record control number or standard number https://id.kb.se/term/sao/Fysiologi
Source of heading or term sao
650 #0 - SUBJECT ADDED ENTRY--TOPICAL TERM
Topical term or geographic name entry element Eye
General subdivision Anatomy.
650 #0 - SUBJECT ADDED ENTRY--TOPICAL TERM
Topical term or geographic name entry element Eye
General subdivision Physiology.
650 #2 - SUBJECT ADDED ENTRY--TOPICAL TERM
Topical term or geographic name entry element Ocular Physiological Phenomena.
650 #2 - SUBJECT ADDED ENTRY--TOPICAL TERM
Topical term or geographic name entry element Eye
General subdivision anatomy & histology.
650 #7 - SUBJECT ADDED ENTRY--TOPICAL TERM
Topical term or geographic name entry element Eye
General subdivision Anatomy.
Source of heading or term fast
650 #7 - SUBJECT ADDED ENTRY--TOPICAL TERM
Topical term or geographic name entry element Eye
General subdivision Physiology.
Source of heading or term fast
650 #0 - SUBJECT ADDED ENTRY--TOPICAL TERM
Topical term or geographic name entry element Eye
650 #0 - SUBJECT ADDED ENTRY--TOPICAL TERM
Topical term or geographic name entry element Anatomy
Authority record control number or standard number (DLC)sh 85004835
650 #0 - SUBJECT ADDED ENTRY--TOPICAL TERM
Topical term or geographic name entry element Histology
650 #0 - SUBJECT ADDED ENTRY--TOPICAL TERM
Topical term or geographic name entry element Physiology
Authority record control number or standard number (DLC)sh 85101679
700 1# - ADDED ENTRY--PERSONAL NAME
Personal name Remington, Lee Ann
Title of a work Clinical anatomy of the visual system.
700 1# - ADDED ENTRY--PERSONAL NAME
Personal name Goodwin, Denise
Relationship aut
887 ## - NON-MARC INFORMATION FIELD
Content of non-MARC field {"@id":"bq2kptv68fwck0t8","modified":"2022-02-10T11:08:20.06+01:00"}
Source of data librisxl
887 ## - NON-MARC INFORMATION FIELD
Content of non-MARC field {"@id":"1h3ns4h2zd2jnmt4","modified":"2022-10-12T11:24:59.553+02:00"}
Source of data librisxl
887 ## - NON-MARC INFORMATION FIELD
Content of non-MARC field {"@id":"zd03phhjwzd5bshr","modified":"2022-02-10T11:10:19.209+01:00"}
Source of data librisxl
887 ## - NON-MARC INFORMATION FIELD
Content of non-MARC field {"@id":"s7r503z1q3t4qjwb","modified":"2022-01-04T14:08:03.601+01:00"}
Source of data librisxl
887 ## - NON-MARC INFORMATION FIELD
Content of non-MARC field {"@id":"cr3lrm0m9pb7kcp8","modified":"2021-11-05T10:58:49.217+01:00"}
Source of data librisxl
942 ## - ADDED ENTRY ELEMENTS (KOHA)
Source of classification or shelving scheme Other/Generic Classification Scheme
Koha item type Bok
Bestånd
Withdrawn status Lost status Source of classification or shelving scheme Damaged status Not for loan Home library Current library Date acquired Total Checkouts Full call number Barcode Date last seen Date last checked out Price effective from Koha item type
    Other/Generic Classification Scheme     Karlskoga Lasarettsbibliotek Karlskoga Lasarettsbibliotek 13/12/2022 1 WW 101 26345008291 10/01/2023 15/12/2022 13/12/2022 Bok
Medicinska biblioteket, Karlskoga lasarett
Måndag och onsdag: 10.00-14.30, Lunchstängt 11.30-12.00.
Fredagar: 10.00-12.00.

Madelene Ribbing, bibliotekarie
Lena Mileraux, biblioteksassistent/administratör
0586-664 49
medbibl.kgalas@regionorebrolan.se




Medicinska biblioteket, Lindesbergs lasarett
Dörren till bibliotket är upplåst mellan 07-16:00 på vardagar.
Dörren i hisshallen är öppen måndag - tosdag 7.00 - 15.00. Fredagar stängt.

Bibliotekets bemanning:
Mån: självbetjäning
Tis, ons och tors: 10-15
Fre: självbetjäning

Madelene Ribbing, bibliotekarie
Telefon: 0581-853 11, 072-14 77 552
medbibl.lbglas@regionorebrolan.se